Civil Engineering (Objective Type) (Record no. 546170)
[ view plain ]
| 000 -LEADER | |
|---|---|
| fixed length control field | 00515cam a2200169u 4500 |
| 082 ## - DEWEY DECIMAL CLASSIFICATION NUMBER | |
| Classification number | 624 |
| Author Mark | KHU |
| -- | L-40, p-19 |
| 100 ## - MAIN ENTRY--PERSONAL NAME | |
| Personal name | Khurmi.S.R , Gupta. J.K. |
| 9 (RLIN) | 42249 |
| 245 10 - TITLE STATEMENT | |
| Title | Civil Engineering (Objective Type) |
| Statement of responsibility, etc. | New Delhi |
| 250 ## - EDITION STATEMENT | |
| Edition statement | 3rd |
| 260 ## - PUBLICATION, DISTRIBUTION, ETC. | |
| Place of publication, distribution, etc. | New Delhi |
| Name of publisher, distributor, etc. | R S.Khurmi. , J.K.Gupta. |
| Date of publication, distribution, etc. | 1988 |
| 300 ## - PHYSICAL DESCRIPTION | |
| Extent | x, 490 p. |
| Other physical details | illus., diagrs. |
| Dimensions | 21 x 12 cm. |
| 526 ## - STUDY PROGRAM INFORMATION NOTE | |
| Program name | 0 |
| Interest level | 0 |
| Reading level | 0 |
| Title point value | 624_000000000000000_KHU |
| 526 ## - STUDY PROGRAM INFORMATION NOTE | |
| Program name | 0 |
| Interest level | 1 |
| Reading level | 0 |
| Title point value | 624_000000000000000_KHU |
| 650 #0 - SUBJECT ADDED ENTRY--TOPICAL TERM | |
| Topical term or geographic name entry element | Engineering |
| 650 #0 - SUBJECT ADDED ENTRY--TOPICAL TERM | |
| Topical term or geographic name entry element | MCE |
| 9 (RLIN) | 379 |
| 942 ## - ADDED ENTRY ELEMENTS (KOHA) | |
| Source of classification or shelving scheme | |
| Koha item type | Book |
| Withdrawn status | Lost status | Source of classification or shelving scheme | Damaged status | Not for loan | Permanent Location | Current Location | Date acquired | Total Checkouts | Full call number | Barcode | Date last seen | Price effective from | Koha item type | Date last checked out |
|---|---|---|---|---|---|---|---|---|---|---|---|---|---|---|
| Military College of Engineering (MCE) | Military College of Engineering (MCE) | 10/21/2015 | 624 KHU | MCE-36436 | 10/21/2015 | 10/21/2015 | Book | |||||||
| Military College of Engineering (MCE) | Military College of Engineering (MCE) | 06/04/2014 | 8 | 624 KHU | MCE-34761 | 07/11/2018 | 06/04/2014 | Book | 07/11/2018 |
